000 00957nam a22002537a 4500
003 OSt
005 20210415124807.0
008 210303b ||||| |||| 00| 0 spa d
020 _a9789945923407
040 _aDO-SdBNP
_bspa
_cBNPHU
082 4 _a616.462
_bC352d
100 1 0 _aCastllo Nuñez, Yulino
_978000
245 1 0 _aDislipidemia diabética /
_cYulino Castillo Núñez ; colaboración Carlos Alberto Aguilar-Salinas , Martín Rodríguez
260 _aSanto Domingo :
_bAmigo del Hogar,
_c2020
300 _a254 p. :
_bil. ;
_c23 cm
500 _aIncluye datos biográficos del autor en la contracubierta
500 _aIncluye referencias bibliográficas al final de los capítulos
590 _aInventariado, 2021 / DG
650 4 _aDiabetes
_99373
700 1 _a Aguilar-Salinas, Carlos Alberto
_978397
700 1 _aRodríguez, Martín
_978398
910 _aInventariado, 2021 / DG/Validado. Control de calidad MFF
942 _2ddc
_cLBS1
999 _c49488
_d49488